000 00602 a2200193 4500
001 62203
005 20260407155915.0
008 260407a1981 arg spa d
003 AR-UNSa-BCEJYS
040 _aAR-UNSa-BCEJYS
_bspa
_cAR-UNSa-BCEJYS
080 _a331.108
_xAdministración del personal. Regulaciones de trabajo. Disciplina de trabajo (Despido)
245 1 0 _aEl despido
_pAspectos teóricos y prácticos
264 1 _aBuenos Aires :
_bCangallo
_c1981
300 _a281 p.
_c23 cm.
041 _aspa
942 _cBK
590 _aniveau_biblio:m niveau_hierar:0
100 1 _aRubio, Valentín
999 _c7602
_d7602